Principles of risk management and insurance (Record no. 3756)
[ view plain ]
| 000 -LEADER | |
|---|---|
| fixed length control field | 02058nam a2200205 4500 |
| 020 ## - INTERNATIONAL STANDARD BOOK NUMBER | |
| ISBN | 9780321248466 |
| 050 ## - CALL NUMBER | |
| Classification number | HG8051 |
| Item number | .R44 |
| 100 ## - AUTHOR | |
| Personal name | George E Rejda |
| 245 ## - TITLE | |
| Title | Principles of risk management and insurance |
| Statement of responsibility, etc | George E Rejda |
| 250 ## - EDITION | |
| Edition statement | 9th ed |
| 260 ## - PUBLICATION INFORMATION | |
| Place of publication | Boston, |
| Name of publisher | MA : Addison-Wesley, |
| Year of publication | ©2005. |
| 300 ## - DESCRIPTION | |
| Number of Pages | xx, 764 pages : |
| Other physical details | illustrations ; |
| Dimensions | 27 cm. |
| 440 ## - SERIES | |
| SERIES | Addison-Wesley series in finance. |
| 500 ## - NOTES | |
| General note | Includes index |
| 505 ## - FORMATTED CONTENTS NOTE | |
| Table of Content | Pt. 1. Basic concepts in risk management and insurance. Risk in our society ; Insurance and risk ; Introduction to risk management ; Advanced topics in risk management --<br/>part 2. Legal principles in risk and insurance. Fundamental legal principles ; Analysis of insurance contracts --<br/>part 3. Personal property and liability risks. The liability risk ; Homeowners insurance, section I ; Homeowners insurance, section II ; Automobile insurance ; Automobile insurance and society ; Other property and liability insurance coverages --<br/>part 4. Commercial property and liability risks. Commercial property insurance ; Commercial liability insurance ; Crime insurance and surety bonds --<br/>part 5. Life and health risks. Fundamentals of life insurance ; Types of life insurance ; Life insurance contractual provisions ; Buying life insurance ; Annuities and individual retirement accounts ; Individual health insurance coverages ; Employee benefits: group life and health insurance ; Employee benefits: retirement plans ; Social insurance --<br/>part 6. The insurance industry. Types of insurers and marketing systems ; Insurance company operations ; Insurance pricing ; Government regulation of insurance --<br/>Appendix A: Homeowners 3 (special form) --<br/>Appendix B: Personal auto policy --<br/>Appendix C: Whole life insurance policy with riders --<br/>Appendix D: Flexible premium (universal) life insurance policy --<br/>Appendix E: Is your life insurance reasonably priced? |
| 650 ## - SUBJECTS | |
| Topical Term | Insurance. |
| 650 ## - SUBJECTS | |
| Topical Term | Risk (Insurance) |
| 650 ## - SUBJECTS | |
| Topical Term | Risk management. |
| 942 ## - ADDED ENTRY ELEMENTS (KOHA) | |
| Koha item type | Books |
| Withdrawn status | Lost status | Collection code | Home library | Current library | Shelving location | Date acquired | Full call number | Accession Number | Koha item type |
|---|---|---|---|---|---|---|---|---|---|
| Reference | Methodist University Library Main | Methodist University Library Main | General Stacks | 23/05/2007 | HG8051 .R44 | 27720 | Books |